ბათუმის შოთა რუსთაველის სახელმწიფო უნივერსიტეტის ბიბლიოთეკა

ბუნებათასარგებლობის ეკონომიკა : (ბიბ.ჩანაწერი № 35364)

000 -ლიდერი
ფიქსირებული სიგრძის საკონტროლო ველი 01257nam a2200241Ia 4500
001 - საკონტროლო ნომერი
საკონტროლო ველი 1217
003 - საკონტროლო ნომრის იდენტიფიკატორი
საკონტროლო ველი GE_BSU
005 - ბოლო ოპერაციის თარიღი და დრო
საკონტროლო ველი 20250423143458.0
008 - ფიქსირებული სიგრძის მონაცემთა ელემენტები - ზოგადი ინფორმაცია
ფიქსირებული სიგრძის საკონტროლო ველი 181216s2003||||ge |||||||||||||| ||geo||
040 ## - კატალოგიზაციის წყარო
Transcribing agency GE_BSU
041 ## - ენის კოდი
Language code of text/sound track or separate title geo
080 ## - უნივერსალური ათობითი კლასიფიკაციის ინდექსი
Universal Decimal Classification number 502(075.8) : 330.15 ბ-96
245 ## - ცნობა სათაურის შესახებ
Title ბუნებათასარგებლობის ეკონომიკა :
Remainder of title სახელმძვანელო უმაღლესი სასწ. სტუდენტებისათვის /
Statement of responsibility, etc ნ. ქარქაშაძე, ე. გიორგაძე, ლ. გუგავა, ნ. ჩიხრაძე, ლ. გეგენავა; რედ. ლ. გვაზავა.
264 ## - წარმოების, გამოცემის, დისტრიბუციის და სხვა ცნობები
გამოცემის, წარმოების, დისტრიბუციის... ადგილი თბილისი,
გამოცემის, წარმოების, დისტრიბუციის... თარიღი 2003.
300 ## - ფიზიკური აღწერა
Extent 320 გვ.;
Other physical details 21 სმ.
653 ## - INDEX TERM--UNCONTROLLED
Uncontrolled term ბუნებათსარგებლობის ეკონომიკა
700 ## - ADDED ENTRY--PERSONAL NAME
Personal name ქარქაშაძე, ნ.
Relator term ავტორი
9 (RLIN) 24905
700 ## - ADDED ENTRY--PERSONAL NAME
Personal name გიორგაძე, ჰ.
Relator term ავტორი
9 (RLIN) 10610
700 ## - ADDED ENTRY--PERSONAL NAME
Personal name გუგავა, ე.
Relator term ავტორი
9 (RLIN) 24906
700 ## - ADDED ENTRY--PERSONAL NAME
Personal name ჩიხრაძე, ნ.
Relator term ავტორი
9 (RLIN) 24907
700 ## - ADDED ENTRY--PERSONAL NAME
Personal name გეგენავა, ლ.
Relator term ავტორი
9 (RLIN) 24908
942 ## - ADDED ENTRY ELEMENTS (KOHA)
Koha item type წიგნი
Source of classification or shelving scheme
ეგზემპლარები
ჩამოწერის სტატუსი დაკარგული ეგზემპლარის სტატუსი კლასიფიკაციის წყარო ან თაროზე გაწყობის სქემა დაზიანების სტატუსი არ გაიცემა მუდმივი მდებარეობა (დაცვის ადგილი) ამჟამინდელი ადგილსამყოფელი თაროზე განთავსების ადგილი შეძენის თარიღი ღირებულება, შესყიდვის ნორმალური ფასი სრული შენახვის შიფრი შტრიხკოდი ბოლო ოპერაციის თარიღი ეგზემპლარის მიმდევრობითი ნომერი (კეტერი?) ფასის ძალაში შესვლის თარიღი ეგზემპლარის სახეობა საჯარო შენიშვნა
          აგრარული და მემბრანული ტექნოლოგიების ინსტიტუტის ბიბლიოთეკა აგრარული და მემბრანული ტექნოლოგიების ინსტიტუტის ბიბლიოთეკა წიგნსაცავი 2018-12-17 12.00 502(075.8) : 330.15 ბ-96 2675 2018-12-17 2675 2018-12-17 წიგნი 12 ლ.
          აგრარული და მემბრანული ტექნოლოგიების ინსტიტუტის ბიბლიოთეკა აგრარული და მემბრანული ტექნოლოგიების ინსტიტუტის ბიბლიოთეკა წიგნსაცავი 2025-04-23 10.00 502(075.8) : 330.15 ბ-96 71201 2025-04-23 71201 2025-04-23 წიგნი 10 ლ.